[Event "CAN-ch"]
[Site "Kingston CAN"]
[Date "2019.04.18"]
[Round "1.4"]
[White "Hambleton, Aman"]
[Black "Masse, Hugues"]
[Result "1-0"]
[WhiteElo "2484"]
[BlackElo "2163"]
[PlyCount "133"]
[EventDate "2019.04.18"]
[EventType "swiss"]
[EventRounds "9"]
[EventCountry "CAN"]

1. d4 Nf6 2. Bf4 e6 3. e3 d5 4. Nf3 Bd6 5. Nbd2 b6 6. Bd3 Bb7 7. O-O O-O 8. c3
c5 9. Bxd6 Qxd6 10. Ne5 Ba6 11. Bxa6 Nxa6 12. f4 Nb8 13. Rf3 Nbd7 14. Rh3 Qe7
15. Qf3 g6 16. g4 cxd4 17. exd4 Ne8 18. Re1 Nxe5 19. fxe5 f6 20. exf6 Qxf6 21.
Qe3 Nc7 22. Nf3 Qf4 23. Ne5 Qxe3+ 24. Rhxe3 g5 25. Kg2 Kg7 26. Kg3 h6 27. a4
Rad8 28. a5 bxa5 29. Ra1 a6 30. Rxa5 Rd6 31. Nd3 Rc6 32. Ra1 Rb6 33. h4 gxh4+
34. Kxh4 Rf6 35. Kg3 Rf8 36. Re2 Rd6 37. Rh1 Rf6 38. Nf4 Kf8 39. Reh2 Rb6 40.
g5 Rf5 41. Rxh6 Rxg5+ 42. Kf3 Rxb2 43. Rh8+ Kf7 44. Rd8 Ke7 45. Rc8 Ne8 46.
Rh7+ Ng7 47. Rc7+ Kd6 48. Rhxg7 Rxg7 49. Rxg7 Rc2 50. Ne2 a5 51. Ra7 Ra2 52.
Ke3 a4 53. Kd3 Ra1 54. Nf4 a3 55. Ra6+ Ke7 56. Kc2 a2 57. Nd3 Kf6 58. Kb2 Rd1
59. Nc5 Rd2+ 60. Kb3 Kf5 61. Rxa2 Rxa2 62. Kxa2 e5 63. dxe5 Kxe5 64. Nd3+ Ke4
65. Nb4 Ke5 66. Kb3 d4 67. Nc6+ 1-0

[Event "CAN-ch"]
[Site "Kingston CAN"]
[Date "2019.04.18"]
[Round "1.6"]
[White "Thavandiran, Shiyam"]
[Black "Tremblay, Rejean"]
[Result "1-0"]
[WhiteElo "2412"]
[BlackElo "2146"]
[PlyCount "105"]
[EventDate "2019.04.18"]
[EventType "swiss"]
[EventRounds "9"]
[EventCountry "CAN"]

1. e4 c5 2. Nf3 d6 3. d4 cxd4 4. Nxd4 Nf6 5. Nc3 a6 6. a4 Nc6 7. Be2 Bd7 8. O-O
g6 9. Be3 Bg7 10. Qd2 O-O 11. Rfd1 b5 12. axb5 Nxd4 13. Bxd4 axb5 14. Rxa8 Qxa8
15. Bxf6 Bxf6 16. Nd5 Bc6 17. Nxf6+ exf6 18. f3 Rd8 19. Qd4 Kg7 20. c4 bxc4 21.
Bxc4 Qa5 22. b3 Rd7 23. Ra1 Qb4 24. Rd1 h6 25. Kf2 h5 26. h4 Qc5 27. Kg3 Qb4
28. Kh2 Qb8 29. Kg1 Qb4 30. Kf2 Qc5 31. Qxc5 dxc5 32. Ra1 Rc7 33. Ke3 Kf8 34.
Ra5 Bb7 35. Ra7 Re7 36. Kd2 g5 37. g3 gxh4 38. gxh4 f5 39. exf5 Bxf3 40. Ra6
Rc7 41. f6 Kg8 42. Ke3 Bg2 43. Kf4 Kh7 44. Rd6 Kh6 45. Rd8 Bh3 46. Ke5 Rd7 47.
Rxd7 Bxd7 48. Bxf7 Bg4 49. Kd6 Bd1 50. Ke7 Bc2 51. Bc4 Bg6 52. f7 Bxf7 53. Bxf7
1-0

[Event "CAN-ch"]
[Site "Kingston CAN"]
[Date "2019.04.18"]
[Round "1.8"]
[White "Hua, Eugene"]
[Black "Demchenko, Svitlana"]
[Result "1-0"]
[WhiteElo "2329"]
[BlackElo "2135"]
[PlyCount "73"]
[EventDate "2019.04.18"]
[EventType "swiss"]
[EventRounds "9"]
[EventCountry "CAN"]

1. e4 c5 2. Nf3 e6 3. d4 cxd4 4. Nxd4 a6 5. c4 Nf6 6. Nc3 Qc7 7. a3 Be7 8. Be3
d6 9. Be2 O-O 10. O-O Nbd7 11. Rc1 b6 12. f3 Bb7 13. Qd2 Rac8 14. Rfd1 Rfd8 15.
Bf1 h6 16. Qf2 Ne5 17. h3 Nfd7 18. f4 Ng6 19. f5 Ngf8 20. fxe6 fxe6 21. Be2 Bf6
22. Rf1 Nc5 23. b4 Nxe4 24. Nxe4 Bxe4 25. Bxh6 Qb7 26. Be3 d5 27. Bg4 Re8 28.
c5 bxc5 29. bxc5 Rc7 30. c6 Qa8 31. Qg3 Bxd4 32. Bxd4 Rxc6 33. Rxf8+ Kxf8 34.
Rf1+ Ke7 35. Bxe6 Kxe6 36. Qe5+ Kd7 37. Rf7+ 1-0

[Event "CAN-ch"]
[Site "Kingston CAN"]
[Date "2019.04.18"]
[Round "1.9"]
[White "Li, William"]
[Black "Plotkin, Mark"]
[Result "0-1"]
[WhiteElo "2096"]
[BlackElo "2326"]
[PlyCount "170"]
[EventDate "2019.04.18"]
[EventType "swiss"]
[EventRounds "9"]
[EventCountry "CAN"]

1. e4 g6 2. d4 Bg7 3. c4 d6 4. Nc3 Nf6 5. f3 Nc6 6. Nge2 a6 7. Be3 Rb8 8. Ng3
h5 9. Be2 h4 10. Nf1 e5 11. d5 Nd4 12. Bxd4 exd4 13. Qxd4 O-O 14. Qf2 b5 15.
Nd2 bxc4 16. Nxc4 Nh5 17. O-O Nf4 18. Rfd1 Rxb2 19. Nxb2 Bxc3 20. Bf1 Qg5 21.
Kh1 Nh5 22. Rac1 Qf6 23. Nc4 Bb4 24. Qb2 Bc5 25. Qxf6 Nxf6 26. e5 Nh5 27. Nd2
Bf5 28. Ne4 Bxe4 29. fxe4 Kg7 30. Be2 Nf4 31. Bf3 Rb8 32. exd6 cxd6 33. Rb1
Rxb1 34. Rxb1 Nd3 35. h3 Kf6 36. Rb7 a5 37. a4 Bb4 38. Be2 Nc5 39. e5+ Kxe5 40.
Rxf7 Nxa4 41. Bf3 Nc3 42. Rb7 Bc5 43. Kh2 a4 44. g3 a3 45. Re7+ Kf6 46. Re6+
Kf7 47. Re1 a2 48. Ra1 hxg3+ 49. Kxg3 Ba3 50. h4 Bb2 51. Rxa2 Nxa2 52. h5 Bc1
53. hxg6+ Kxg6 54. Kf2 Nc3 55. Ke1 Kf5 56. Bh1 Ke5 57. Bg2 Nxd5 58. Bf3 Nc3 59.
Bh1 d5 60. Bxd5 Kxd5 61. Kf2 Ke4 62. Kg3 Bf4+ 63. Kf2 Be5 64. Kg2 Kf4 65. Kf2
Bd4+ 66. Kg2 Kg4 67. Kh2 Be5+ 68. Kg2 Bg3 69. Kg1 Kf3 70. Kh1 Ne4 71. Kg1 Nf2
72. Kf1 Bh2 73. Ke1 Ne4 74. Kf1 Nd2+ 75. Ke1 Ke3 76. Kd1 Kd3 77. Ke1 Bg3+ 78.
Kd1 Nc4 79. Kc1 Bf2 80. Kd1 Nb2+ 81. Kc1 Kc3 82. Kb1 Kb3 83. Ka1 Be3 84. Kb1
Nc4 85. Ka1 Bh6 0-1

[Event "CAN-ch"]
[Site "Kingston CAN"]
[Date "2019.04.18"]
[Round "1.11"]
[White "Chen, Max"]
[Black "Chen, Richard"]
[Result "0-1"]
[WhiteElo "2070"]
[BlackElo "2317"]
[PlyCount "66"]
[EventDate "2019.04.18"]
[EventType "swiss"]
[EventRounds "9"]
[EventCountry "CAN"]

1. e4 c5 2. Nf3 e6 3. c3 Nf6 4. Bd3 d5 5. e5 Nfd7 6. Bc2 c4 7. O-O Nc6 8. Re1
g5 9. d4 cxd3 10. Qxd3 Be7 11. b4 a6 12. a4 g4 13. Nd4 Ndxe5 14. Qg3 Nxd4 15.
cxd4 Ng6 16. Bd2 f5 17. a5 O-O 18. Bc3 Bd6 19. Qd3 Nf4 20. Qe3 Qh4 21. g3 Nh3+
22. Kg2 Qh5 23. Qd3 Ng5 24. Nd2 f4 25. Re5 Bxe5 26. dxe5 Qh3+ 27. Kg1 fxg3 28.
hxg3 Bd7 29. Bd1 d4 30. Qxd4 Bc6 31. f3 Qxg3+ 32. Kf1 Bb5+ 33. Be2 Nxf3 0-1

[Event "CAN-ch"]
[Site "Kingston CAN"]
[Date "2019.04.18"]
[Round "1.12"]
[White "Plotkin, Victor"]
[Black "Tanaka, Tyler"]
[Result "1/2-1/2"]
[WhiteElo "2304"]
[BlackElo "2067"]
[PlyCount "102"]
[EventDate "2019.04.18"]
[EventType "swiss"]
[EventRounds "9"]
[EventCountry "CAN"]

1. Nf3 Nf6 2. d4 g6 3. c4 Bg7 4. Nc3 O-O 5. e4 d6 6. Be2 c5 7. d5 e6 8. O-O
exd5 9. exd5 Re8 10. Bf4 a6 11. Bd3 Bg4 12. h3 Bxf3 13. Qxf3 Qc7 14. g4 Nbd7
15. Qg3 Ne5 16. Be2 Re7 17. Bd2 Ned7 18. Bf4 Ne5 19. Rfe1 Rae8 20. Bd2 Ned7 21.
Bd3 Rxe1+ 22. Rxe1 Rxe1+ 23. Bxe1 Ne5 24. Be2 Qe7 25. Qe3 Kf8 26. Bd2 Ned7 27.
Kg2 Ne8 28. Qxe7+ Kxe7 29. f4 Nc7 30. b3 b5 31. Ne4 b4 32. Be3 Nf6 33. Nd2 Nd7
34. Nf3 Ne8 35. Bd3 Bc3 36. h4 Nef6 37. Kh3 h5 38. gxh5 Nxh5 39. f5 Kf6 40.
Bg5+ Kg7 41. Bc2 Ne5 42. Ng1 Nf6 43. Ne2 Nf3 44. fxg6 fxg6 45. Nf4 Nxg5+ 46.
hxg5 Nh7 47. Ne6+ Kf7 48. Kg4 Bd2 49. Nd8+ Ke7 50. Ne6 Kf7 51. Bd3 Bc1 1/2-1/2

[Event "CAN-ch"]
[Site "Kingston CAN"]
[Date "2019.04.18"]
[Round "1.13"]
[White "Wiebe, Isaac"]
[Black "Rodrigue-Lemieux, Shawn"]
[Result "0-1"]
[WhiteElo "2053"]
[BlackElo "2282"]
[PlyCount "84"]
[EventDate "2019.04.18"]
[EventType "swiss"]
[EventRounds "9"]
[EventCountry "CAN"]

1. d4 Nf6 2. Bf4 d5 3. e3 c5 4. dxc5 Nc6 5. Bb5 Ne4 6. b4 a5 7. c3 axb4 8. cxb4
e6 9. f3 Qf6 10. Qd4 Qg6 11. g3 Nf6 12. Nc3 Nd7 13. Bxc6 bxc6 14. e4 Be7 15.
Nge2 O-O 16. exd5 e5 17. Bxe5 Nxe5 18. Qxe5 Bf6 19. Qe3 Ba6 20. O-O Rfe8 21.
Qd2 Bxe2 22. Nxe2 Bxa1 23. Rxa1 Qf6 24. Rf1 Qe5 25. Nf4 cxd5 26. Rd1 Ra3 27.
Qxd5 Qe3+ 28. Kg2 Qc3 29. Qe4 Rxa2+ 30. Kh3 Raa8 31. Qd4 Qxf3 32. b5 g5 33. Qd5
g4+ 34. Kh4 Qc3 35. Qd4 Qc2 36. Nh5 Qxh2+ 37. Kg5 h6+ 38. Kxg4 Qe2+ 39. Kh4
Re4+ 40. Qxe4 Qxe4+ 41. g4 Qe2 42. Nf6+ Kh8 0-1

[Event "CAN-ch"]
[Site "Kingston CAN"]
[Date "2019.04.18"]
[Round "1.14"]
[White "Zhou, Qiyu"]
[Black "Kang, Dorian"]
[Result "0-1"]
[WhiteElo "2246"]
[BlackElo "2035"]
[PlyCount "104"]
[EventDate "2019.04.18"]
[EventType "swiss"]
[EventRounds "9"]
[EventCountry "CAN"]

1. e4 c5 2. Nf3 d6 3. d4 cxd4 4. Nxd4 Nf6 5. Nc3 g6 6. Be3 Bg7 7. f3 Nc6 8. Qd2
O-O 9. g4 Be6 10. Nxe6 fxe6 11. O-O-O Ne5 12. Be2 Qc8 13. h4 Nfd7 14. f4 Nc4
15. Bxc4 Qxc4 16. Qd3 Rac8 17. e5 Qxd3 18. Rxd3 Nc5 19. Bxc5 Rxc5 20. exd6 exd6
21. Ne4 Rd5 22. Rxd5 exd5 23. Nxd6 Rxf4 24. Rg1 Bd4 25. Rg2 Rf1+ 26. Kd2 Bxb2
27. Nxb7 Ba3 28. Kc3 Be7 29. h5 Rb1 30. Na5 Bb4+ 31. Kd4 Bxa5 32. Kxd5 Rd1+ 33.
Kc6 Rd2 34. Rxd2 Bxd2 35. c4 gxh5 36. gxh5 Kg7 37. c5 Be3 38. Kd6 Kh6 39. c6
Bf4+ 40. Kd7 Kxh5 41. c7 Bxc7 42. Kxc7 Kg5 43. a4 h5 44. a5 h4 45. a6 h3 46.
Kb7 h2 47. Kxa7 h1=Q 48. Kb8 Qb1+ 49. Ka8 Qe4+ 50. Kb8 Qe8+ 51. Kb7 Qb5+ 52.
Ka7 Qc6 0-1

[Event "CAN-ch"]
[Site "Kingston CAN"]
[Date "2019.04.18"]
[Round "1.15"]
[White "Javidfard, Amirsalar"]
[Black "Desforges, Jean"]
[Result "1-0"]
[WhiteElo "2024"]
[BlackElo "2235"]
[PlyCount "81"]
[EventDate "2019.04.18"]
[EventType "swiss"]
[EventRounds "9"]
[EventCountry "CAN"]

1. d4 Nf6 2. c4 e6 3. Nf3 b6 4. a3 Bb7 5. Nc3 d5 6. Bg5 Be7 7. Qb3 O-O 8. Rd1
dxc4 9. Qxc4 Nd5 10. h4 h6 11. Bc1 Nxc3 12. bxc3 Ba6 13. Qa4 Qd7 14. Qc2 Bb5
15. Ne5 Qe8 16. Rh3 Ba4 17. Qe4 Nd7 18. Bxh6 gxh6 19. Rg3+ Kh8 20. Qf4 Bg5 21.
hxg5 f6 22. Nxd7 Bxd7 23. gxf6 Rf7 24. e4 e5 25. Qxh6+ Rh7 26. Qg6 exd4 27.
cxd4 Qxg6 28. Rxg6 Rh1 29. Rd3 Re8 30. Re3 Bb5 31. e5 Rxf1+ 32. Kd2 Rxf2+ 33.
Kc3 Bd7 34. d5 Bf5 35. Rg5 Rc2+ 36. Kb3 Rf2 37. e6 Rf4 38. Rh5+ Bh7 39. Reh3
Rxf6 40. Rxh7+ Kg8 41. Rh8+ 1-0

[Event "CAN-ch"]
[Site "Kingston CAN"]
[Date "2019.04.18"]
[Round "1.16"]
[White "Findlay, Ian"]
[Black "Yao, Houji"]
[Result "1-0"]
[WhiteElo "2233"]
[BlackElo "2018"]
[PlyCount "85"]
[EventDate "2019.04.18"]
[EventType "swiss"]
[EventRounds "9"]
[EventCountry "CAN"]

1. e4 c5 2. Nf3 e6 3. d4 cxd4 4. Nxd4 Nc6 5. Nc3 Qc7 6. Be2 Nf6 7. O-O Be7 8.
Be3 O-O 9. f4 d6 10. Kh1 Nxd4 11. Qxd4 b6 12. Bf3 Bb7 13. Qd2 Rfd8 14. Rad1
Rac8 15. Qf2 Bc6 16. Qg3 Nd7 17. f5 e5 18. Be2 Kh8 19. Bc4 Rf8 20. Bd5 Nf6 21.
Bxc6 Qxc6 22. Bg5 Nh5 23. Qh4 Bxg5 24. Qxh5 f6 25. Nd5 Qb7 26. c3 Rc4 27. Qe2
b5 28. Rd3 a5 29. a3 Rfc8 30. Re1 Kg8 31. g3 Rf8 32. h4 Bh6 33. Kh2 g6 34. Rf1
Kg7 35. Rdf3 g5 36. Rd3 Rfc8 37. Rfd1 gxh4 38. gxh4 b4 39. axb4 axb4 40. Rg1+
Kh8 41. Rdg3 Bf4 42. Nxf4 exf4 43. Rg8+ 1-0

[Event "CAN-ch"]
[Site "Kingston CAN"]
[Date "2019.04.18"]
[Round "1.17"]
[White "Zhong, Kevin"]
[Black "Gentes, Kevin"]
[Result "1/2-1/2"]
[WhiteElo "1987"]
[BlackElo "2220"]
[PlyCount "76"]
[EventDate "2019.04.18"]
[EventType "swiss"]
[EventRounds "9"]
[EventCountry "CAN"]

1. e4 Nf6 2. e5 Nd5 3. Nc3 e6 4. d4 d6 5. f4 Nxc3 6. bxc3 dxe5 7. dxe5 Qxd1+ 8.
Kxd1 Bc5 9. Nf3 Nc6 10. Bd3 Bd7 11. Ke2 Ne7 12. c4 Bc6 13. Be3 Bxe3 14. Kxe3
Bxf3 15. Kxf3 h5 16. Be4 O-O-O 17. Rhd1 c6 18. Ke2 Kc7 19. Kf3 g6 20. Rab1 Nc8
21. c5 b6 22. Rd3 Rxd3+ 23. cxd3 Ne7 24. Rc1 Rd8 25. Ke3 Nd5+ 26. Bxd5 Rxd5 27.
d4 bxc5 28. dxc5 Kb7 29. Rc3 Ka6 30. Ra3+ Kb7 31. Rb3+ Kc7 32. Ra3 Kb7 33. Rb3+
Kc8 34. Ra3 Kb7 35. Rb3+ Kc8 36. Ra3 Kb7 37. Rb3+ Ka6 38. Ra3+ Kb7 1/2-1/2

[Event "CAN-ch"]
[Site "Kingston CAN"]
[Date "2019.04.19"]
[Round "2.1"]
[White "Chen, Richard"]
[Black "Yang, Kaiqi"]
[Result "0-1"]
[WhiteElo "2317"]
[BlackElo "2505"]
[PlyCount "58"]
[EventDate "2019.04.18"]
[EventType "swiss"]
[EventRounds "9"]
[EventCountry "CAN"]

1. e4 e5 2. Nf3 Nc6 3. Bc4 Bc5 4. c3 Nf6 5. d3 O-O 6. O-O d6 7. b4 Bb6 8. a4 a5
9. b5 Ne7 10. h3 Ng6 11. Re1 h6 12. Be3 Bxe3 13. Rxe3 Re8 14. Nbd2 c6 15. bxc6
bxc6 16. Bb3 d5 17. Qc2 Ra7 18. Nf1 c5 19. exd5 Nxd5 20. Ree1 Ndf4 21. d4 cxd4
22. cxd4 Rc7 23. Qb1 Bb7 24. d5 Bxd5 25. Bxd5 Qxd5 26. Qf5 Nxg2 27. Red1 Qa8
28. Qg4 N2f4 29. Ne3 h5 0-1

[Event "CAN-ch"]
[Site "Kingston CAN"]
[Date "2019.04.19"]
[Round "2.2"]
[White "Noritsyn, Nikolay"]
[Black "Findlay, Ian"]
[Result "1-0"]
[WhiteElo "2489"]
[BlackElo "2233"]
[PlyCount "73"]
[EventDate "2019.04.18"]
[EventType "swiss"]
[EventRounds "9"]
[EventCountry "CAN"]

1. d4 Nf6 2. Nf3 e6 3. e3 c5 4. Bd3 Nc6 5. O-O d5 6. b3 Qc7 7. c4 Be7 8. cxd5
exd5 9. dxc5 Bxc5 10. Bb2 Qe7 11. Nbd2 O-O 12. Bxf6 Qxf6 13. Bxh7+ Kh8 14. Bd3
g6 15. e4 Nb4 16. Be2 Be6 17. a3 Nc6 18. b4 Bb6 19. exd5 Bxd5 20. Bc4 Rad8 21.
Bxd5 Rxd5 22. Qb3 Rfd8 23. Ne4 Qf4 24. Rae1 Nd4 25. Nxd4 Bxd4 26. Ng3 Bf6 27.
Re4 Qd6 28. h4 Kg8 29. h5 gxh5 30. Qf3 Rd1 31. Qxh5 Rxf1+ 32. Nxf1 Bg7 33. Rg4
Qf6 34. Ne3 Kf8 35. Qc5+ Qd6 36. Qxd6+ Rxd6 37. Rxg7 1-0

[Event "CAN-ch"]
[Site "Kingston CAN"]
[Date "2019.04.19"]
[Round "2.3"]
[White "Rodrigue-Lemieux, Shawn"]
[Black "Hambleton, Aman"]
[Result "1/2-1/2"]
[WhiteElo "2282"]
[BlackElo "2484"]
[PlyCount "74"]
[EventDate "2019.04.18"]
[EventType "swiss"]
[EventRounds "9"]
[EventCountry "CAN"]

1. e4 c5 2. Nf3 e6 3. g3 Nc6 4. Bg2 Nf6 5. d3 d6 6. O-O Be7 7. b3 O-O 8. Bb2 e5
9. Re1 Re8 10. Nbd2 Bf8 11. a4 h6 12. Nc4 Be6 13. c3 Rc8 14. Rc1 a6 15. Ncd2 b5
16. d4 exd4 17. cxd4 Nb4 18. Bf1 Rb8 19. e5 dxe5 20. dxc5 bxa4 21. Bxe5 Rc8 22.
bxa4 Rxc5 23. Rxc5 Bxc5 24. Bxf6 Qxf6 25. Ne4 Qe7 26. Nxc5 Qxc5 27. Bh3 Qc8 28.
Bxe6 Rxe6 29. Rxe6 Qxe6 30. Qd8+ Kh7 31. Qh4 Qd5 32. Qxb4 Qxf3 33. Qd4 Qf5 34.
h4 h5 35. Kg2 f6 36. Qc4 a5 37. Qd4 Kg6 1/2-1/2

[Event "CAN-ch"]
[Site "Kingston CAN"]
[Date "2019.04.19"]
[Round "2.5"]
[White "Saha, Ananda"]
[Black "Thavandiran, Shiyam"]
[Result "0-1"]
[WhiteElo "2073"]
[BlackElo "2412"]
[PlyCount "84"]
[EventDate "2019.04.18"]
[EventType "swiss"]
[EventRounds "9"]
[EventCountry "CAN"]

1. Nf3 Nf6 2. g3 g6 3. b3 Bg7 4. Bb2 O-O 5. Bg2 d6 6. d4 Nbd7 7. Nbd2 e5 8.
dxe5 Ng4 9. Nc4 Ndxe5 10. Nfxe5 Nxe5 11. Nxe5 Bxe5 12. Bxe5 dxe5 13. Qxd8 Rxd8
14. Rd1 Rxd1+ 15. Kxd1 Kf8 16. Kc1 Ke7 17. Rd1 c6 18. a4 a5 19. Kb2 Be6 20. Rd2
g5 21. Ka3 f5 22. b4 e4 23. c3 b5 24. axb5 cxb5 25. g4 fxg4 26. bxa5 Rxa5+ 27.
Kb4 Ra4+ 28. Kxb5 e3 29. fxe3 Rc4 30. Bd5 Rxc3 31. Rd4 Bd7+ 32. Kb4 Rc1 33. Be4
h5 34. Rd5 Bc6 35. Rxg5 Bxe4 36. Rxh5 Kf6 37. Rh4 Bf5 38. e4 Be6 39. Kb5 Rc2
40. e3 Ke5 41. Rh6 Rc3 42. Kb4 Rxe3 0-1

[Event "CAN-ch"]
[Site "Kingston CAN"]
[Date "2019.04.19"]
[Round "2.7"]
[White "Kang, Dorian"]
[Black "Hua, Eugene"]
[Result "0-1"]
[WhiteElo "2035"]
[BlackElo "2329"]
[PlyCount "90"]
[EventDate "2019.04.18"]
[EventType "swiss"]
[EventRounds "9"]
[EventCountry "CAN"]

1. e4 c5 2. Nf3 e6 3. d4 cxd4 4. Nxd4 Nc6 5. Nb5 d6 6. N1c3 a6 7. Nd4 Nf6 8.
Be3 Be7 9. Be2 O-O 10. O-O Bd7 11. f4 b5 12. a3 Rc8 13. Nb3 Qc7 14. g4 d5 15.
exd5 Nxd5 16. Nxd5 exd5 17. Qxd5 Bf6 18. Rab1 Rfe8 19. Qc5 Qb8 20. Rf2 Nd4 21.
Bxd4 Rxc5 22. Bxc5 Bh4 23. Rbf1 Bxf2+ 24. Rxf2 Be6 25. Nd4 Qc8 26. Nxe6 Rxe6
27. b4 Rxe2 28. Rxe2 Qxg4+ 29. Kf2 Qxf4+ 30. Ke1 h5 31. Kd1 Qf3 32. Be3 Qd5+
33. Ke1 g5 34. Rf2 Kg7 35. c3 Kg6 36. Bd4 f5 37. Re2 h4 38. Kf2 Qh1 39. Ke3 f4+
40. Kd3 Qd1+ 41. Rd2 Qf3+ 42. Kc2 g4 43. Rf2 Qe4+ 44. Kd2 f3 45. Rf1 Qe2+ 0-1

[Event "CAN-ch"]
[Site "Kingston CAN"]
[Date "2019.04.19"]
[Round "2.8"]
[White "Plotkin, Mark"]
[Black "Rusonik, Max"]
[Result "1-0"]
[WhiteElo "2326"]
[BlackElo "1900"]
[PlyCount "63"]
[EventDate "2019.04.18"]
[EventType "swiss"]
[EventRounds "9"]
[EventCountry "CAN"]

1. d4 Nf6 2. Nf3 c5 3. c3 e6 4. Bg5 Be7 5. Nbd2 cxd4 6. cxd4 d5 7. e3 Nc6 8. a3
O-O 9. Bd3 h6 10. Bh4 b6 11. Rc1 Bb7 12. O-O Nb8 13. Ne5 Ba6 14. Nc6 Qe8 15.
Bxa6 Nxa6 16. Bg3 Nd7 17. e4 Nab8 18. exd5 exd5 19. Nxe7+ Qxe7 20. Re1 Qf6 21.
Qg4 h5 22. Qxh5 Qxd4 23. Nf3 Nf6 24. Qxf7+ Rxf7 25. Nxd4 Nbd7 26. b4 Ne4 27. f3
Nxg3 28. hxg3 Rff8 29. Rc7 Rad8 30. Re7 Rf7 31. Rxf7 Kxf7 32. Nc6 1-0

[Event "CAN-ch"]
[Site "Kingston CAN"]
[Date "2019.04.19"]
[Round "2.9"]
[White "Gentes, Kevin"]
[Black "Plotkin, Victor"]
[Result "0-1"]
[WhiteElo "2220"]
[BlackElo "2304"]
[PlyCount "68"]
[EventDate "2019.04.18"]
[EventType "swiss"]
[EventRounds "9"]
[EventCountry "CAN"]

1. e4 e5 2. Nf3 Nf6 3. d4 Nxe4 4. dxe5 d5 5. Bd3 Nc6 6. Qe2 Nc5 7. Bg5 Be7 8.
Bxe7 Qxe7 9. Bb5 Bg4 10. Nbd2 O-O 11. Bxc6 bxc6 12. O-O Rfe8 13. Qe3 Ne6 14.
Rfe1 c5 15. c4 c6 16. Rac1 Rab8 17. Nb3 h6 18. h3 Bh5 19. Nh2 g5 20. Ng4 Bxg4
21. hxg4 d4 22. Qe4 Qd7 23. g3 a5 24. Rc2 a4 25. Nc1 Re7 26. Nd3 Rbe8 27. f4
Nf8 28. f5 f6 29. Rf2 Rxe5 30. Nxe5 Rxe5 31. Qb1 Qe7 32. Rxe5 Qxe5 33. Qd3 Nd7
34. Re2 Qb8 0-1

[Event "CAN-ch"]
[Site "Kingston CAN"]
[Date "2019.04.19"]
[Round "2.10"]
[White "Tanaka, Tyler"]
[Black "Zhong, Kevin"]
[Result "1/2-1/2"]
[WhiteElo "2067"]
[BlackElo "1987"]
[PlyCount "98"]
[EventDate "2019.04.18"]
[EventType "swiss"]
[EventRounds "9"]
[EventCountry "CAN"]

1. e4 c5 2. Nf3 Nc6 3. d4 cxd4 4. Nxd4 Nf6 5. Nc3 d6 6. Bg5 e6 7. Qd2 a6 8.
O-O-O Bd7 9. f4 h6 10. Bh4 Be7 11. Nf3 b5 12. Bxf6 gxf6 13. Kb1 b4 14. Ne2 a5
15. Ned4 Qb6 16. Bb5 Nb8 17. Qd3 Ra7 18. f5 e5 19. Bxd7+ Rxd7 20. Ne2 Na6 21.
Nd2 Nc5 22. Qd5 Qb7 23. Qxb7 Rxb7 24. Ng3 Kd7 25. Nb3 Nxb3 26. axb3 Ra8 27. Ne2
Bd8 28. Rd5 Bc7 29. Nc1 Kc6 30. c3 Rg8 31. g3 Rg4 32. Re1 Rxe4 33. Rxd6+ Bxd6
34. Rxe4 Kd5 35. Rh4 e4 36. Kc2 bxc3 37. bxc3 Bf8 38. Ne2 Ke5 39. c4 a4 40. Nc3
axb3+ 41. Kb2 Kxf5 42. Rf4+ Kg6 43. Rg4+ Kh7 44. Nxe4 Bg7 45. Nd6 Rb8 46. c5
Bf8 47. Rc4 Kg6 48. Rg4+ Kh7 49. Rc4 Kg6 1/2-1/2

[Event "CAN-ch"]
[Site "Kingston CAN"]
[Date "2019.04.19"]
[Round "2.11"]
[White "Bareev, Evgeny"]
[Black "Huang, Qiuyu"]
[Result "1-0"]
[WhiteElo "2642"]
[BlackElo "2145"]
[PlyCount "89"]
[EventDate "2019.04.18"]
[EventType "swiss"]
[EventRounds "9"]
[EventCountry "CAN"]

1. c4 f5 2. d4 Nf6 3. g3 g6 4. Bg2 Bg7 5. Nf3 O-O 6. b4 a5 7. b5 d6 8. Bb2 h6
9. Qc2 Qe8 10. Nbd2 g5 11. d5 Nbd7 12. Qxf5 Nxd5 13. Qc2 Bxb2 14. Qxb2 N5f6 15.
O-O e5 16. Ne1 Qh5 17. f3 Nc5 18. Nd3 Nfd7 19. Nxc5 Nxc5 20. b6 c6 21. Nb3 Nd7
22. Rfd1 a4 23. Nc1 Qg6 24. Nd3 Qe6 25. Rac1 Ra6 26. c5 d5 27. a3 d4 28. f4
exf4 29. Qxd4 fxg3 30. hxg3 Nf6 31. Ne5 Ng4 32. Nc4 Ra8 33. Rf1 Bd7 34. Bf3 Nf6
35. Nd6 Qh3 36. Bg2 Qe6 37. Nxb7 Rae8 38. Nd6 Qe3+ 39. Qxe3 Rxe3 40. b7 Rb3 41.
Rf3 Rxf3 42. Bxf3 Rb8 43. Rb1 Ne8 44. Nc4 Nc7 45. Ne5 1-0

[Event "CAN-ch"]
[Site "Kingston CAN"]
[Date "2019.04.19"]
[Round "2.13"]
[White "Demchenko, Svitlana"]
[Black "Zhou, Qiyu"]
[Result "0-1"]
[WhiteElo "2135"]
[BlackElo "2246"]
[PlyCount "78"]
[EventDate "2019.04.18"]
[EventType "swiss"]
[EventRounds "9"]
[EventCountry "CAN"]

1. e4 e5 2. Nf3 Nc6 3. Bc4 Bc5 4. c3 Nf6 5. d3 a6 6. O-O O-O 7. Re1 Ba7 8. a4
d6 9. h3 b5 10. Bb3 h6 11. Nbd2 Ne7 12. d4 Ng6 13. Nf1 Re8 14. Ng3 Bb7 15. d5
c6 16. Nf5 cxd5 17. Bxh6 gxh6 18. Nxh6+ Kf8 19. Ng5 Nxe4 20. Nh7+ Kg7 21. Nf5+
Kxh7 22. Qh5+ Kg8 23. Rxe4 Qf6 24. Rg4 e4 25. Rg5 Re5 26. g4 e3 27. Bc2 exf2+
28. Kh2 Re2 29. Rf1 Rxc2 30. Nh6+ Kg7 31. Nf5+ Kf8 32. Qh6+ Ke8 33. Ng7+ Kd7
34. Rf5 Qe7 35. Nh5 Be3 36. Qg7 Rf8 37. Nf6+ Kc8 38. Nh5 d4 39. cxd4 Qe4 0-1

[Event "CAN-ch"]
[Site "Kingston CAN"]
[Date "2019.04.19"]
[Round "2.14"]
[White "Desforges, Jean"]
[Black "Li, William"]
[Result "1/2-1/2"]
[WhiteElo "2235"]
[BlackElo "2096"]
[PlyCount "110"]
[EventDate "2019.04.18"]
[EventType "swiss"]
[EventRounds "9"]
[EventCountry "CAN"]

1. d4 Nf6 2. c4 e6 3. Nf3 b6 4. g3 Ba6 5. b3 Bb7 6. Bg2 Bb4+ 7. Bd2 c5 8. O-O
O-O 9. Nc3 cxd4 10. Nxd4 Bxg2 11. Kxg2 a6 12. Qc2 Be7 13. Rad1 Qc8 14. e4 Qb7
15. f3 d6 16. Be3 Nbd7 17. Rc1 Rfe8 18. Rfd1 d5 19. exd5 exd5 20. Nf5 dxc4 21.
bxc4 Ba3 22. Rb1 g6 23. Bc1 Bc5 24. Nd6 Bxd6 25. Rxd6 Qc7 26. Rd4 Qc5 27. Qd1
Re1 28. Qxe1 Qxd4 29. Ne4 Nxe4 30. Qxe4 Qxe4 31. fxe4 Rc8 32. Be3 Rxc4 33. Bxb6
Nxb6 34. Rxb6 Rc2+ 35. Kf3 Rxa2 36. Kf4 Kg7 37. g4 Rf2+ 38. Ke3 Rf6 39. Rb7 g5
40. Ra7 Rb6 41. e5 Kg6 42. Ra8 f6 43. exf6 Kxf6 44. Ke4 Rb4+ 45. Kd5 Rxg4 46.
Rxa6+ Kg7 47. Ke5 Rf4 48. Rb6 h5 49. Rb7+ Kf8 50. Rb8+ Kf7 51. Rb7+ Kg6 52.
Rb6+ Kg7 53. Rb7+ Rf7 54. Rxf7+ Kxf7 55. Kf5 h4 1/2-1/2

[Event "CAN-ch"]
[Site "Kingston CAN"]
[Date "2019.04.19"]
[Round "2.15"]
[White "Gordon, David"]
[Black "Chen, Max"]
[Result "1-0"]
[WhiteElo "2185"]
[BlackElo "2070"]
[PlyCount "147"]
[EventDate "2019.04.18"]
[EventType "swiss"]
[EventRounds "9"]
[EventCountry "CAN"]

1. d4 Nf6 2. Bg5 e6 3. e4 Be7 4. Nd2 d5 5. e5 Nfd7 6. Bxe7 Qxe7 7. c3 c5 8. a3
Nc6 9. Ngf3 O-O 10. Bd3 f6 11. O-O fxe5 12. Nxe5 Ndxe5 13. dxe5 Nxe5 14. Bxh7+
Kxh7 15. Qh5+ Kg8 16. Qxe5 Qf6 17. Rae1 b6 18. f4 Ba6 19. Rf3 Rae8 20. g3 Qg6
21. Rfe3 Qc2 22. Nf3 Qxb2 23. Qh5 Qc2 24. Ng5 Bd3 25. Rxd3 Qxd3 26. Re5 Re7 27.
f5 Qb1+ 28. Kg2 Qc2+ 29. Kh3 g6 30. Qxg6+ Rg7 31. Qxe6+ Kh8 32. Qh6+ Kg8 33. f6
Rh7 34. Nxh7 Qxh7 35. Qxh7+ Kxh7 36. Rxd5 Kg6 37. Rd7 a5 38. f7 Rb8 39. Rc7 Kg7
40. a4 Rh8+ 41. Kg2 Rd8 42. Rb7 Rd2+ 43. Kh3 Rb2 44. g4 Rb3 45. Kh4 Rxc3 46.
Rxb6 Kxf7 47. Ra6 c4 48. Rxa5 Ra3 49. Ra6 c3 50. Rc6 Ra2 51. h3 c2 52. a5 Kg7
53. a6 Kg8 54. a7 Rxa7 55. Rxc2 Rh7+ 56. Kg3 Rf7 57. Rc6 Kg7 58. Ra6 Rb7 59.
Kh4 Rc7 60. Kh5 Rc5+ 61. g5 Rc7 62. h4 Rb7 63. Rd6 Ra7 64. Rd4 Ra6 65. Rd7+ Kg8
66. g6 Ra4 67. Kg5 Rb4 68. h5 Rb8 69. h6 Rb5+ 70. Kf6 Rb6+ 71. Kf5 Rb5+ 72. Ke6
Rb6+ 73. Rd6 Rb8 74. Ke7 1-0